Personnages Star Wars - Andor - Serie S1 - Statistiques

Statistiques générales
  • Ce quiz a été pris 121 fois
  • Le résultat moyen est 11 sur 26
Statistiques - réponses
Par images Réponse % Correct
Cassian Andor
100%
Mon Mothma
90%
Luthen Rael
85%
Bix Caleen
83%
Saw Gerrera
76%
Dedra Meero
63%
Syril Karn
59%
Vel Sartha
50%
Kleya Marki
43%
Maarva Andor
41%
Partagaz
40%
Cinta Kaz
35%
Kino Loy
35%
Karis Nemik
30%
Lonni Jung
29%
Tay Kolma
28%
Perrin Fertha
26%
Leida Mothma
25%
Ulaf
23%
B2EMO
20%
Timm Karlo
19%
Arvel Skeen
18%
Gorn
13%
Taramyn Barcona
13%
Blevin
10%
Xaul
3%
Aucun quiz correspondant
Distribution des résultats
% des personnes avec chaque résultat
Percentile par nombre de réponses
Votre historique - résultats
Vous n’avez pas pris ce quiz